[Event "Oberfranken-ch U16 0809"]
[Site "Schney"]
[Date "2009.01.04"]
[Round "5"]
[White "Reuss, Simon"]
[Black "Wasel, Simon"]
[Result "1/2-1/2"]
[WhiteElo "902"]
[BlackElo "902"]
[PlyCount "60"]
[EventDate "2009.01.02"]
[EventType "swiss"]
[EventRounds "7"]
[EventCountry "GER"]
[SourceTitle "EXT 2012"]
[Source "ChessBase"]
[SourceDate "2011.11.24"]
[SourceVersion "1"]
[SourceVersionDate "2011.11.24"]
[SourceQuality "1"]

1. e4 e5 2. Nf3 Nc6 3. Bc4 Nf6 4. d3 d5 5. exd5 Na5 6. Bg5 Nxc4 7. dxc4 Be7 8. Nc3 Bg4 9. 0-0 0-0 10. h3 Bxf3 11. Qxf3 Qd6 12. Nb5 Qc5 13. Nc3 Qxc4 14. b3 Qb4 15. a3 Qd4 16. Rad1 e4 17. Rxd4 exf3 18. gxf3 h6 19. Bxf6 Bxf6 20. Rc4 Bxc3 21. Rxc3 Rad8 22. Rd1 Rd6 23. Kh2 Rfd8 24. f4 Rxd5 25. Rxd5 Rxd5 26. Kg3 c6 27. Re3 Rd4 28. Kf3 Rd5 29. Re5 Rxe5 30. fxe5 b5 1/2-1/2

[Event "Oberfranken-ch U16 0809"]
[Site "Schney"]
[Date "2009.01.03"]
[Round "4"]
[White "Wasel, Simon"]
[Black "Dietz, Jessica"]
[Result "1-0"]
[WhiteElo "902"]
[BlackElo "766"]
[PlyCount "67"]
[EventDate "2009.01.02"]
[EventType "swiss"]
[EventRounds "7"]
[EventCountry "GER"]
[SourceTitle "EXT 2012"]
[Source "ChessBase"]
[SourceDate "2011.11.24"]
[SourceVersion "1"]
[SourceVersionDate "2011.11.24"]
[SourceQuality "1"]

1. e4 e6 2. Nc3 d5 3. d4 Nf6 4. e5 Ne4 5. Bd2 Bb4 6. Bd3 Qh4 7. Bxe4 dxe4 8. a3 Ba5 9. b4 Bb6 10. Be3 0-0 11. Qd2 f6 12. exf6 Qxf6 13. Nxe4 Qf7 14. Nh3 e5 15. dxe5 Bxe3 16. Qxe3 Qe6 17. Nc5 Qd5 18. 0-0 b6 19. Rad1 Qa2 20. Qb3+ Qxb3 21. Nxb3 Bxh3 22. gxh3 Nc6 23. Rfe1 Rae8 24. e6 a6 25. Rd7 Ne7 26. Rxc7 Nd5 27. Rd7 Nf4 28. e7 Rf7 29. c4 Ng6 30. Rd8 Nf8 31. Rxe8 b5 32. c5 Rf3 33. Nd4 Rxh3 34. exf8Q# 1-0

[Event "Oberfranken-ch U16 0809"]
[Site "Schney"]
[Date "2009.01.02"]
[Round "1"]
[White "Schrepfer, Maximilian"]
[Black "Wasel, Simon"]
[Result "1-0"]
[WhiteElo "1530"]
[BlackElo "902"]
[PlyCount "83"]
[EventDate "2009.01.02"]
[EventType "swiss"]
[EventRounds "7"]
[EventCountry "GER"]
[SourceTitle "EXT 2012"]
[Source "ChessBase"]
[SourceDate "2011.11.24"]
[SourceVersion "1"]
[SourceVersionDate "2011.11.24"]
[SourceQuality "1"]

1. d4 d5 2. c4 c6 3. Nc3 Nf6 4. Nf3 e6 5. Bg5 Bb4 6. e3 0-0 7. Bd3 h6 8. Bh4 b6 9. 0-0 Ba6 10. cxd5 cxd5 11. Rc1 Qd6 12. Bxa6 Nxa6 13. Nb5 Qd7 14. Qa4 Qb7 15. Ne5 Rac8 16. h3 Ne4 17. a3 Bd2 18. Rcd1 f6 19. Nf3 g5 20. Nxd2 gxh4 21. Nxe4 dxe4 22. Nd6 Qc6 23. Qxc6 Rxc6 24. Nxe4 Nc7 25. Rc1 Rxc1 26. Rxc1 Nd5 27. Nd2 f5 28. Nf3 f4 29. e4 Nf6 30. e5 Ne4 31. Nxh4 Ng5 32. Nf3 Nxf3+ 33. gxf3 Rd8 34. Rd1 Rc8 35. d5 Rd8 36. d6 Kf8 37. Rc1 Ke8 38. Rc7 Rd7 39. Rxd7 Kxd7 40. Kf1 Kc6 41. Ke2 Kd5 42. d7 1-0